Größte brandenburgische Stadien - Statistiken

Allgemein
  • Dieses Quiz wurde 3 mal gespielt
  • Das Durchschnittsergebnis liegt bei 3 aus 15
Antwortstatistiken
Verein Kapazität Stadioname % Korrekt
SV Babelsberg 03 10,500 Karl-Liebknecht-Stadion
100%
FC Energie Cottbus 22,500 LEAG Energie Stadion/Stadion der Freundschaft
100%
1. FC Frankfurt 12,000 Stadion der Freundschaft
100%
BSG Stahl Brandenburg 15,500 Stadion am Quenz
33%
Werderaner FC Viktoria 3,000 Arno-Franz-Sportplatz
0%
FC Strausberg 7,500 Energie-Arena
0%
Oranienburger FC Eintracht 2,200 ORAFOL-Arena
0%
FSV Union Fürstenwalde 8,000 Spree-Arena
0%
VfB Finsterwalde 4,500 Stadion des Friedens
0%
FC Schwedt 02 2,000 Stadion Heinrichslust
0%
VfB Hohenleipisch 2,000 Stadion Hohenleipisch
0%
MSV 1919 Neuruppin 5,000 Volksparkstadion Neuruppin
0%
Ludwigsfelder SC 7,500 Waldstadion Ludwigsfelde
0%
Brandenburger SC Süd 5,000 Werner-Seelenbinder-Sportplatz
0%
FSV Luckenwalde 63 2,700 Werner-Seelenbinder-Stadion
0%
Keine übereinstimmenden Quizze gefunden
Verteilung der Resultate
Anzahl Personen mit jedem Resultat
Perzentil nach korrekt beantworteten Fragen
Ihre Resultats-Entwicklung
Sie haben dieses Quiz noch nicht gespielt